Sueño de una noche de verano / (Registro nro. 25787)

Detalles MARC
000 -LEADER
fixed length control field 01047cam a2200313 a 4500
003 - CONTROL NUMBER IDENTIFIER
control field CO-CtgCURN
005 - DATE AND TIME OF LATEST TRANSACTION
control field 20250331191041.0
007 - PHYSICAL DESCRIPTION FIXED FIELD--GENERAL INFORMATION
fixed length control field ta
008 - FIXED-LENGTH DATA ELEMENTS--GENERAL INFORMATION
fixed length control field 090108s2000 ck gr 000 d spa
020 ## - INTERNATIONAL STANDARD BOOK NUMBER
International Standard Book Number 9789580459804
020 ## - INTERNATIONAL STANDARD BOOK NUMBER
International Standard Book Number 9580459800
040 ## - CATALOGING SOURCE
Original cataloging agency CO-CtgCURN
Language of cataloging spa
Transcribing agency coctgcurn
041 1# - LANGUAGE CODE
Language code of text/sound track or separate title spa
Language code of original eng
082 04 - DEWEY DECIMAL CLASSIFICATION NUMBER
Classification number 822.33
Item number S527
Edition information 23
100 1# - MAIN ENTRY--PERSONAL NAME
Personal name Shakespeare, William,
Dates associated with a name 1564-1616.
245 10 - TITLE STATEMENT
Title Sueño de una noche de verano /
Statement of responsibility, etc. William Shakespeare ; traducción de Andres Hoyos.
250 ## - EDITION STATEMENT
Edition statement 1a. ed.
260 ## - PUBLICATION, DISTRIBUTION, ETC.
Place of publication, distribution, etc. Barcelona ;
-- Bogotá :
Name of publisher, distributor, etc. Norma,
Date of publication, distribution, etc. 2000.
300 ## - PHYSICAL DESCRIPTION
Extent 127 p. ;
Dimensions 19 cm.
336 ## - CONTENT TYPE
Source rdacontent
337 ## - MEDIA TYPE
Source rdamedia
Media type term sin mediacion
Media type code n
338 ## - CARRIER TYPE
Source rdacarrier
Carrier type term volumen
Carrier type code nc
490 0# - SERIES STATEMENT
Series statement Shakespeare por escritores
534 ## - ORIGINAL VERSION NOTE
Main entry of original Titulo original: A mindsummer night's dream.
650 14 - SUBJECT ADDED ENTRY--TOPICAL TERM
Topical term or geographic name entry element Teatro ingles
Chronological subdivision Siglo XVI.
700 1# - ADDED ENTRY--PERSONAL NAME
Personal name Hoyos, Andres,
Dates associated with a name 1953-,,,,,,,,,,,,,,,,,,,,,,,,,,,,
Relator term traductor.
Relationship tr
942 ## - ADDED ENTRY ELEMENTS (KOHA)
Koha item type Libros
Classification part 822.33
Item part S527
Source of classification or shelving scheme Dewey Decimal Classification
Existencias
Withdrawn status Lost status Source of classification or shelving scheme Damaged status Not for loan Collection Home library Current library Shelving location Date acquired Inventory number Total checkouts Full call number Barcode Date last seen Copy number Price effective from Koha item type Public note
    Dewey Decimal Classification     General Miguel Henríquez Castañeda Miguel Henríquez Castañeda General 03/31/2025 018181   822.33 S527 018181 03/31/2025 ej.1 03/31/2025 Libros 820-LITING